000 00662nam a2200241Ia 4500
003 OSt
005 20220918213948.0
006 a|||||r|||| 00| 0
007 ta
008 220917b |||||||| |||| 00| 0 eng d
024 _a135,257
037 _cTextual
040 _aARTS
_cARTS
_beng
041 _2eng
_aeng
082 _aX41v5, M3
100 _aPiggott Stuart
_914785
245 0 _aEarliest wheeled transport
_b From the Atlantic cosat to the caspian Sea
260 _aHungary
_bThames and Hudson
_c1983
300 _a272p.
_ccm.
650 _aECONOMICS
942 _hX41v5, M3
_cTEXL
_2CC
999 _c258354
_d258354